Sports Quiz

Random Sports or NCAA Quiz

Mountain-West Quiz Stats

 Plays Quiz Updated Apr 22, 2019

Score 0/22 Timer 05:00
1 Play Today
% Correct
Boise State
81.6%
Colorado State
76.2%
New Mexico
74.8%
Wyoming
71.7%
UNLV
70.3%
Broncos
69.2%
San Diego State
66.2%
Utah State
65.8%
Rams
65.8%
Nevada
65.2%
Air Force
64.1%
% Correct
Cowboys
63.4%
Lobos
62.5%
Rebels
61.6%
Aztecs
57.8%
Bulldogs
55.1%
Fresno State
54.8%
Falcons
54.7%
Wolf Pack
53.5%
Aggies
51.4%
San Jose State
51.2%
Spartans
45%

You're not logged in!

Compare scores with friends on all Sporcle quizzes.
OR
Log In

Sporcle TV

Today on Sporcle TV


Watch our educational content, quiz creation guides, and fun videos on Sporcle TV.

Show Comments

Extras

Top Quizzes Today


Score Distribution

Your Account Isn't Verified!

In order to create a playlist on Sporcle, you need to verify the email address you used during registration. Go to your Sporcle Settings to finish the process.

Report this User

Report this user for behavior that violates our Community Guidelines.

Details: